Normal view
MARC view
Entry Topical Term
001 - CONTROL NUMBER
- control field: 11647
003 - CONTROL NUMBER IDENTIFIER
- control field: dpl
005 - DATE AND TIME OF LATEST TRANSACTION
- control field: 20100812123136.0
008 - FIXED-LENGTH DATA ELEMENTS
- fixed length control field: 100812|||a|||||| | ||| d
040 ## - CATALOGING SOURCE
- Original cataloging agency: dpl
- Transcribing agency: dpl
150 ## - HEADING--TOPICAL TERM
- Topical term or geographic name as entry element: Computer algorithms
670 ## - SOURCE DATA FOUND
- Source citation: Work cat.: (dpl): Valarmathi, R. 11646, Design and analysis of alogrithms /, 2009
670 ## - SOURCE DATA FOUND
- Source citation: Work cat.: (dpl): Valarmathi, R. 11646, Design and analysis of alogrithms /, 2009
